CRC handbook of biosolar resources /

Bibliographic Details
Other Authors: Zaborsky, Oskar
Format: Book
Language:English
Published: Boca Raton, Fla. : CRC Press, [1981-]
Subjects:

MARC

Tag First Indicator Second Indicator Subfields
LEADER 00000cam a2200000 a 4500
001 in00000097539
005 20150924085217.0
008 791228m1981 flua b 00100 engm
010 |a  79027371  
020 |a 0849334705 (set) 
020 |a 0849334713 (v.1,pt.1) 
020 |a 0849334721 (v.1,pt.2) 
020 |a 084933473X (v.2) 
035 |a (OCoLC)05893708 
035 |9 AAK9161AM 
040 |a DLC  |c DLC  |d m.c.  |d OCL  |d TXA  |d UtOrBLW 
049 |a TXAM  |d [  |v = v.  |p = pt.]  |v 1  |p 1 [1806206]  |v 1  |p 2 [1806207]  |v 2 [1806208] 
050 0 0 |a TP360  |b  C73 
082 0 |a 333.95/3 
245 0 0 |a CRC handbook of biosolar resources /  |c editor-in-chief, Oskar R. Zaborsky. 
264 1 |a Boca Raton, Fla. :  |b CRC Press,  |c [1981-] 
264 4 |c ©1981- 
300 |a volumes :  |b illustrations ;  |c 26 cm. 
336 |a text  |b txt  |2 rdacontent 
337 |a unmediated  |b n  |2 rdamedia 
338 |a volume  |b nc  |2 rdacarrier 
504 |a Includes bibliographical references and indexes. 
505 1 |a v. 1. Basic principles -- v. 2. Resource materials. 
650 0 |a Biomass energy  |x Handbooks, manuals, etc. 
650 0 |a Agriculture  |v Handbooks, manuals, etc. 
700 1 |a Zaborsky, Oskar. 
740 0 |a Handbook of biosolar resources. 
999 |a MARS 
999 f f |s c70f14e8-ac72-3d98-86e8-eb73a4898bbe  |i 22118cf8-0b3d-3d4b-9a8a-a12dc1e06aed  |t 0 
952 f f |p ric  |a Texas A&M University  |b Rellis Campus  |c Joint Library Facility  |d Remote Storage  |t 0  |e TP360 C73  |h Library of Congress classification  |i unmediated -- volume  |k v.2  |m A14806040291 
952 f f |p ric  |a Texas A&M University  |b Rellis Campus  |c Joint Library Facility  |d Remote Storage  |t 0  |e TP360 C73  |h Library of Congress classification  |i unmediated -- volume  |k v.1:pt.1  |m A14806040275 
952 f f |p ric  |a Texas A&M University  |b Rellis Campus  |c Joint Library Facility  |d Remote Storage  |t 0  |e TP360 C73  |h Library of Congress classification  |i unmediated -- volume  |k v.1:pt.2  |m A14806040283 
998 f f |a TP360 C73  |s v.2  |t 0  |l Remote Storage